000 nam a22 7a 4500
999 _c95682
_d95681
005 20190926144252.0
008 180608b ||||| |||| 00| 0 eng d
020 _a9789383763078
041 _aHindi
080 _a89H-1.09
_bNAV
245 _aNavatyuttar Hindi Kavithaki noothan pravrthiyam (नवत्युत्तर हिन्दी कविता की नूतन प्रवृतियां )
260 _aThalassery
_bDept.of Hindi,Brannan college
_c2014
300 _a174p.
653 _aCriticism-poetry-Hindi literature
700 _aPrabhakaran Hebbar Illath;Ed.by
942 _cBK